| 000 | 00596nam a2200193Ia 4500 | ||
|---|---|---|---|
| 005 | 20260114185654.0 | ||
| 008 | 008 260114s9999 xx 000 0 eng d | ||
| 020 | _a9780755622979 | ||
| 037 | _aEBOOK | ||
| 040 |
_aCRL _beng _cCRL |
||
| 041 |
_aeng _2eng |
||
| 084 | _qCRL | ||
| 100 |
_aAnita Hewerdine _9872962 |
||
| 245 | 4 | _aThe Yeomen of the Guard and the Early Tudors The Formation of a Royal Bodyguard | |
| 260 |
_bBloomsbury _c2012 |
||
| 856 | _uhttps://doi.org/10.5040/9780755622979?locatt=label:secondary_bloomsburyCollections | ||
| 942 | _cEBOOK | ||
| 999 |
_c1471910 _d1471910 |
||